Organizaciones rurales de Costa Rica: retos y propuestas /

Se aporta un material ordenado en cuatro partes y nueve temas, sobre el estudio de las formas de organización rural existentes en Costa Rica. Se revisa el contexto y tendencias de las organizaciones rurales de Costa Rica entre 1980 y 2007, se precisan las características básicas de las organizacione...

Descripció completa

Guardat en:
Dades bibliogràfiques
Autor principal: Hernández Cascante, Jorge Luis
Format: Desconegut
Idioma:Spanish
Publicat: San José, Costa Rica : EUNED,
Matèries:
Etiquetes: Afegir etiqueta
Sense etiquetes, Sigues el primer a etiquetar aquest registre!

MARC

LEADER 00000 a2200000 04500
001 40362
003
008 050629s2007 cr spa d
040 |a CRAI/IIS  |c CRAI/IIS 
020 |a 978-9968-31-606-4  
090 |a 0002 H557o  
100 |a Hernández Cascante, Jorge Luis  
245 |a Organizaciones rurales de Costa Rica:   |b retos y propuestas /   |c Jorge Luis Hernández Cascante  
260 |a San José, Costa Rica :   |b EUNED,  
300 |a 307 páginas  
520 |a Se aporta un material ordenado en cuatro partes y nueve temas, sobre el estudio de las formas de organización rural existentes en Costa Rica. Se revisa el contexto y tendencias de las organizaciones rurales de Costa Rica entre 1980 y 2007, se precisan las características básicas de las organizaciones y sus vínculos locales, se describe la gama de organizaciones o formas organizativas en el desarrollo rural en el país, y finalmente se expone la temática del capital social en las organizaciones y el papel del investigador y la investigadora.  
590 |a EFU/NOVIEMBRE2011  
650 |a ORGANIZACIONES REGIONALES  
650 |a COSTA RICA  
650 |a TEORIA  
650 |a DESARROLLO RURAL  
999 |c 5466  |d 5466